Agricultural water marketing, allocative efficiency and drainage reduction.

Návrh marketingu vody, ktorý má uľahčiť výmenu vody medzi poľnohospodárskym a urbanistickým sektorom. Skúmanie účinkov trhu s vodou na ochranu vody, ekonomickú efektívnosť a odvodňovania ako aj zníženie znečisťovania životného prostredia. Použitie produkčného modelu na mikroúrovni. Aplikovanie podmi...

Description complète

Enregistré dans:
Détails bibliographiques
Auteur principal: Dinar, A.
Format: Chapitre de livre
Langue:anglais
Sujets:
Tags: Ajouter un tag
Pas de tags, Soyez le premier à ajouter un tag!

MARC

LEADER 00000naa a2200000 4500
001 r009104
005 20221213084229.4
041 0 |a eng 
044 |a US 
245 1 0 |a Agricultural water marketing, allocative efficiency and drainage reduction.  |c A. Dinar 
520 |a Návrh marketingu vody, ktorý má uľahčiť výmenu vody medzi poľnohospodárskym a urbanistickým sektorom. Skúmanie účinkov trhu s vodou na ochranu vody, ekonomickú efektívnosť a odvodňovania ako aj zníženie znečisťovania životného prostredia. Použitie produkčného modelu na mikroúrovni. Aplikovanie podmienok modelu v Kalifornii. 
610 2 0 |a marketing 
610 2 0 |a voda 
610 2 0 |a poľnohospodárstvo 
610 2 0 |a urbanizmus 
610 2 0 |a trh 
610 2 0 |a ochrana prostredia životného 
610 2 0 |a modely výroby 
610 2 0 |a efektívnosť ekonomická 
610 2 0 |a Kalifornia 
100 1 |a Dinar, A.